KARTY HERO FIFA 22 - Statystyki

Ogólne statystyki
  • Ten quiz został rozwiązany 438 razy
  • Średni wynik to 10 z 19
Statystyki odpowiedzi
pozycja nazwisko % Poprawnych
BR Dudek
96%
LP Ginola
84%
BR Campos
71%
ŚO Cordoba
71%
ŚPO Abedi Pele
66%
N DI natale
63%
PS Cole
62%
ŚO Kohler
60%
N Gomez
51%
ŚPO Ricken
49%
N Keane
43%
ŚPO Dempsey
42%
N Milito
39%
N Morientes
35%
N Cahill
33%
N Al jaber
31%
LP Ljungberg
28%
ŚPO Mostovoi
23%
N Solskjer
13%
Nie znaleziono quizów pasujących do podanych kryteriów
Rozkład punktacji
Procent ludzi z każdym wynikiem
Percentyl według liczby udzielonych odpowiedzi
Twoja historia wyników
Nie rozwiązałeś tego quizu